000 00889nam a2200253 a 4500
001 000024065
003 OSt
005 20250701132841.0
008 110118s1978 mx a r 001 0 spa d
040 _aDO-SdBNP
_bspa
_cBNPHU
100 1 _aSnodgrass, Milton M.
_949444
245 1 0 _aAgricultura, economía y crecimiento /
_cMilton M. Snodgrass , Luther T. Wallace ; traducción Carlos Gerhard.
260 _aMéxico, D. F. :
_bDiana,
_c1978.
300 _a555 p. :
_bil. ;
_c23 cm.
500 _aIncluye índice alfabético.
504 _aIncluye referencias bibliográficas y notas al pie de las páginas.
534 _aAgriculture economics and grouth.
650 0 _aAgricultura -
_xAspectos económicos
_930596
650 0 _aDesarrollo económico
_985548
700 1 _aWallace, Luther T.
_949445
700 1 _aGerhard, Carlos,
_etr.
_95131
942 _2ddc
_cLF1
956 _aLOPEREZ
999 _c23560
_d23560